01463cam a2200361 i 450000100090000000300040000900500170001300800410003001000170007102000420008804000280013004200080015805000260016608200220019210000220021424501740023626400610041030000450047133600210051633700250053733800230056249000290058550000290061450400670064363000320071065000450074265000310078770000290081890600450084794200500089295201420094299900170108419054014OSt20230929115947.0160413s2017 flua b 001 0 eng  a 2016010816 a9781498771016 (pbk. : acidfree paper) aDLCbengcDLCerdadDLC apcc00aQA303.5.C65bA73 201700a515.028553bARA/E1 aArangala, Crista.10aExploring calculus :blabs and projects with Mathematica /cCrista Arangala, Elon University, North Carolina, USA, Karen A. Yokley, Elon University, North Carolina, USA. 1aBoca Raton :bCRC Press, Taylor & Francis Group,c[2017] axi, 160 pages :billustrations ;c23 cm. atext2rdacontent aunmediated2rdamedia avolume2rdacarrier0 aTextbooks in mathematics a"A Chapman & Hall book." aIncludes bibliographical references (pages 155-157) and index.00aMathematica (Computer file) 0aCalculusxComputer-assisted instruction. 0aCalculusxData processing.1 aYokley, Karen A.,d1976- a7bcbccorignewd1eecipf20gy-gencatlg 2ddccBKh515.028553iARA/Ek515.028553mARA/E 00102ddc40708MATHEMATICSaMESbMEScMATd2023-09-29l0o515.028553 ARA/Ep42687r2023-09-29 12:00:32v1295.00w2023-09-29yBKzGL24R2 c42393d42393